Quizes with more than 500,000 Takes - Statistics

General Stats
  • This quiz has been taken 12 times
  • The average score is 5 of 18
Answer Stats
Takes Producer Quiz Name % Correct
9,421,543 Quizmaster Countries of the World Quiz
100%
3,753,495 Quizmaster US States Quiz
70%
1,795,824 Quizmaster United States Map Quiz
40%
1,395,863 Quizmaster World Capitals Quiz
40%
879,941 Quizmaster US Presidents Quiz
30%
735,355 Johnnyaitch 12 Months in 15 Seconds
20%
682,698 Quizmaster Africa Map Quiz
20%
699,486 Quizmaster Country Flags Quiz
20%
1,414,714 Quizmaster Europe Map Quiz
20%
896,167 Johnnyaitch Fast Typing A to Z
20%
1,121,103 Quizmaster Fifty States in One Minute
20%
729,619 Quizmaster NBA Teams Quiz
20%
808,737 Quizmaster NFL Football Teams Quiz
20%
500,500 Quizmaster Periodic Table of Elements
20%
659,329 Scambigol Countries by First Two Letters in 90 Seconds
10%
523,306 Quizmaster East Asia Map Quiz
10%
1,375,325 Quizmaster Fast Typing to 100
10%
638,986 Quizmaster Random Capital to Country
10%
No matching quizzes found
Score Distribution
Percent of People with Each Score
Percentile by Number Answered
Your Score History
You have not taken this quiz